000 00315nam a22001337a 4500
008 170807b xxu||||| |||| 00| 0 eng d
020 _a9780136116035
041 _aeng
080 _a004
100 _a33
101 _aSHK
245 _aLEARNING PEACHTREE COMPLETE ACCOUNTING 2009
_cBRUNSDON,T.E
942 _2udc
_cBK
999 _c22783
_d22783